00380nam a2200157 a 450000100060000000300090000600800410001502000150005604000280007108200090009910000160010824500180012426000500014230000070019265000230019913725CO-ViMGA141112s2004 ck r 000 u spa d a8482802291 aCO-ViMGAbspacCO-ViMGA04aBAUm1 aBaum, L. F.10aEl mago de oz aSantafé de Bogotá : bOveja Negra, cs.f. a1014aCUENTOS INFANTILES